Probabilistic foundations of statistical network analysis
Uloženo v:
| Hlavní autor: | |
|---|---|
| Médium: | Kniha |
| Jazyk: | angličtina |
| Vydáno: |
Boca Ratón
CRC Press
2018
|
| Vydání: | 1a. ed |
| Edice: | Monographs on Statistics and Applied Probability, 157
|
| Témata: | |
| Tagy: |
Přidat tag
Žádné tagy, Buďte první, kdo vytvoří štítek k tomuto záznamu!
|
MARC
| LEADER | 00000cam a2200000 a 4500 | ||
|---|---|---|---|
| 001 | UCC6581 | ||
| 003 | CL-VaPUC | ||
| 008 | 181220e20180000us |||||||||||||||||eng|d | ||
| 020 | |a 9781138585997 | ||
| 082 | 0 | 4 | |a 519.2 |b CRA |2 21 |
| 100 | 0 | |a Crane, Harry |e author |9 601075 | |
| 245 | 1 | 0 | |a Probabilistic foundations of statistical network analysis |
| 250 | |a 1a. ed | ||
| 300 | |a 236 p | ||
| 942 | |c BK | ||
| 945 | |d 20181220 17:39:00 |a dcastane | ||
| 260 | |a Boca Ratón |b CRC Press |c 2018 | ||
| 650 | 0 | |a Teoría de probabilidades |9 336944 | |
| 650 | 0 | |a Teoría del control |9 260349 | |
| 650 | 0 | |a Análisis de redes |9 260875 | |
| 583 | |a last modification |c 20181220 17:39:00 |k Rodrigo Vera | ||
| 490 | 0 | |a Monographs on Statistics and Applied Probability, 157 | |
| 999 | |c 373520 |d 373518 | ||
| 952 | |0 0 |1 0 |3 erd |4 0 |6 519_200000000000000_CRA_2018 |7 0 |8 A |9 491646 |a BIBING |b BIBING |i 5523613 |o 519.2 CRA 2018 |p 5523613 |r 2025-01-20 |w 2019-11-24 |y BK |z Catalogado en:20181220 |k EII | ||
| 952 | |0 0 |1 0 |3 erd |4 0 |6 519_200000000000000_CRA_2018 |7 0 |8 A |9 491647 |a BIBING |b BIBING |i 5523621 |o 519.2 CRA 2018 |p 5523621 |r 2025-01-20 |w 2019-11-24 |y BK |z Catalogado en:20181220 |k EII | ||